Drowned wednesday / (Record no. 3718)

MARC details
000 -LEADER
fixed length control field 00779nam a22002537a 4500
001 - CONTROL NUMBER
control field 3718
003 - CONTROL NUMBER IDENTIFIER
control field FISKH
005 - DATE AND TIME OF LATEST TRANSACTION
control field 20240424104833.0
008 - FIXED-LENGTH DATA ELEMENTS--GENERAL INFORMATION
fixed length control field 240424b cb ||||| |||| 00| 0 eng d
040 ## - CATALOGING SOURCE
Original cataloging agency FISK
Language of cataloging eng
Transcribing agency FISK
Modifying agency FISK
050 ## - LIBRARY OF CONGRESS CALL NUMBER
Classification number PZ7.N647
082 ## - DEWEY DECIMAL CLASSIFICATION NUMBER
Classification number 823.914
100 ## - MAIN ENTRY--PERSONAL NAME
Personal name Nix Garth
Dates associated with a name 1963-
245 ## - TITLE STATEMENT
Title Drowned wednesday /
Statement of responsibility, etc. Garth Nix
260 ## - PUBLICATION, DISTRIBUTION, ETC.
Place of publication, distribution, etc. New York :
Name of publisher, distributor, etc. Scholastic,
Date of publication, distribution, etc. 2006
300 ## - PHYSICAL DESCRIPTION
Extent 389 pages :
Dimensions 20 cm
490 ## - SERIES STATEMENT
Series statement The keys to the kingdom
Volume/sequential designation Book 3
505 ## - FORMATTED CONTENTS NOTE
Formatted contents note O
520 ## - SUMMARY, ETC.
Summary, etc. Everyone is after Arthur Penhaligon including strange pirates, shadowy creatures, and Drowned Wednesday, whose gluttony threatens both her world and Arthur's.
521 8# - TARGET AUDIENCE NOTE
Target audience note 840
Source Lexile
700 ## - ADDED ENTRY--PERSONAL NAME
Personal name Garth Nix
942 ## - ADDED ENTRY ELEMENTS (KOHA)
Source of classification or shelving scheme Library of Congress Classification
Koha item type Books
Suppress in OPAC No
Holdings
Withdrawn status Lost status Source of classification or shelving scheme Damaged status Not for loan Collection Home library Current library Shelving location Date acquired Total Checkouts Full call number Barcode Date last seen Copy number Price effective from Koha item type
    Library of Congress Classification     Fiction Footprints International School Library Network Toul Kork Campus Footprints International School Library Network Toul Kork Campus TTP Secondary Fiction Bookshelves 04/24/2024   NIX PZ7.N647 823.914 2024-0506 04/24/2024 1 04/24/2024 Books